Secret of Teen Power (Record no. 19160)
[ view plain ]
| 000 -LEADER | |
|---|---|
| fixed length control field | 00291nam a2200145Ia 4500 |
| 082 ## - DEWEY DECIMAL CLASSIFICATION NUMBER | |
| Classification number | 305.235 |
| Item number | HAR |
| 100 ## - MAIN ENTRY--PERSONAL NAME | |
| Personal name | Harrington/Paul |
| 245 ## - TITLE STATEMENT | |
| Title | Secret of Teen Power |
| 260 ## - PUBLICATION, DISTRIBUTION, ETC. | |
| Name of publisher, distributor, etc. | Simon |
| 366 ## - TRADE AVAILABILITY INFORMATION | |
| Publishers's discount category | 20 |
| 546 ## - LANGUAGE NOTE | |
| Language note | ENGLISH |
| -- | Computers |
| 650 ## - SUBJECT ADDED ENTRY--TOPICAL TERM | |
| Topical term or geographic name entry element | General |
| 942 ## - ADDED ENTRY ELEMENTS (KOHA) | |
| Koha item type | BOOK |
| Withdrawn status | Lost status | Damaged status | Not for loan | Collection | Home library | Current library | Date acquired | Source of acquisition | Cost, normal purchase price | Inventory number | Total Checkouts | Total Renewals | Full call number | Barcode | Date due | Date last seen | Date last checked out | Cost, replacement price | Price effective from | Koha item type |
|---|---|---|---|---|---|---|---|---|---|---|---|---|---|---|---|---|---|---|---|---|
| CRC | Fr. Agnel's C.Rodrigues College of Engineering | AGNEL TECHNICAL COLLEGE LIBRARY | 17/03/2023 | Book Service Syndicate | 399.20 | 519 dt 28/03/2012 | 1 | 1 | 305.235 HAR | 21881 | 18/12/2025 | 26/11/2025 | 26/11/2025 | 499.00 | BOOK |